banner-ar

الابعاد السياسية للحكم الهاشمى 1941 - 1958 / (Record no. 61681)

MARC details
000 -الفاتح
حقل البيانات ثابتة الطول 00975nam a22002537a 4500
005 - وقت وتاريخ اخر تعامل مع التسجيلة
رقم الضبط 20240530110511.0
008 - عناصر البيانات ثابتة الطول - معلومات عامة
حقل البيانات ثابتة الطول 151205s2012 su g b 000 0 ara d
020 ## - الرقم الدولى المعيارى للكتب
الرقم الدولى المعيارى للكتاب 9789933433277
040 ## - مصدر الفهرسة
وكالة الفهرسة الأصلية EG-CaGPL
082 04 - رقم تصنيف ديوى العشرى
رقم الطبعة 21
رقم التصنيف 956.804\
رقم المادة خ أ
100 0# - المدخل الرئيسى - إسم شخصى
الإسم الشخصى خالدة ابلال الجبورى .
245 12 - بيان العنوان
العنوان الابعاد السياسية للحكم الهاشمى 1941 - 1958 /
بيان المسئوليه,etc خالدة ابلال الجبورى .
250 ## - بيان الطبعة
بيان الطبعة ط1.
260 ## - PUBLICATION, DISTRIBUTION, ETC. (IMPRINT)
تاريخ النشر أو التوزيع 2012 .
300 ## - الوصف المادى
التعداد 334 ص ؛
أبعاد الوعاء 24 سم .
504 ## - تبصرة ببليوجرافية
تبصرة ببليوجرافية,الخ ببليوجرافية : ص 323 - 332
650 04 - المدخل الاضافى بالموضوع-مصطلح موضوعى
مصطلح موضوعي الثورة العربية الكبرى 1916 .
650 04 - المدخل الاضافى بالموضوع-مصطلح موضوعى
مصطلح موضوعي مشروع فاضل الجمالى 1954 .
650 04 - المدخل الاضافى بالموضوع-مصطلح موضوعى
مصطلح موضوعي مشروع ناظم القدسى 1951 .
650 04 - المدخل الاضافى بالموضوع-مصطلح موضوعى
مصطلح موضوعي مشروع الهلال الخصيب .
650 04 - المدخل الاضافى بالموضوع-مصطلح موضوعى
مصطلح موضوعي تصريح بلفور .
942 ## - عناصر المدخل الإضافي( كوها)
مصدر التصنيف او مخطط الترفيف Dewey Decimal Classification
Koha [default] item type كتاب
260 ## - PUBLICATION, DISTRIBUTION, ETC. (IMPRINT)
-- دمشق :
-- محاكاة للدراسات و النشر و التوزيع ،
Holdings
حالة التراجع حالة الفقد حالة تلف ليس للاعارة المكان المؤقت الموقع الحالى تاريخ الاكتساب اجمالي اﻻعارات رقم الطلب الباركود تاريخ اخر مشاهدة تاريخ تفعيل السعر نوع وعاء كوها
        مكتبة القاهرة الكبرى مكتبة القاهرة الكبرى 12/05/2015   956.804\ خ أ 161029 12/05/2015 12/05/2015 كتاب

Powered By

EGPV